The moonstone / (Record no. 277)
[ view plain ]
| 000 -LEADER | |
|---|---|
| fixed length control field | 01055nam a22002417a 4500 |
| 001 - CONTROL NUMBER | |
| control field | 277 |
| 003 - CONTROL NUMBER IDENTIFIER | |
| control field | FISKH |
| 005 - DATE AND TIME OF LATEST TRANSACTION | |
| control field | 20230314093103.0 |
| 008 - FIXED-LENGTH DATA ELEMENTS--GENERAL INFORMATION | |
| fixed length control field | 230314b cb ||||| |||| 00| 0 eng d |
| 020 ## - INTERNATIONAL STANDARD BOOK NUMBER | |
| International Standard Book Number | 9781906230517 |
| 040 ## - CATALOGING SOURCE | |
| Original cataloging agency | FISKH |
| Language of cataloging | eng |
| Transcribing agency | FISKH |
| Modifying agency | FISKH |
| 050 ## - LIBRARY OF CONGRESS CALL NUMBER | |
| Classification number | PR4494.M62 |
| 082 ## - DEWEY DECIMAL CLASSIFICATION NUMBER | |
| Classification number | 823.8 |
| 100 ## - MAIN ENTRY--PERSONAL NAME | |
| Personal name | Collins, Wilkie |
| 245 ## - TITLE STATEMENT | |
| Title | The moonstone / |
| Remainder of title | Retold by Tony Evans / |
| Statement of responsibility, etc. | Illustrated by Felix Bennett |
| 260 ## - PUBLICATION, DISTRIBUTION, ETC. | |
| Place of publication, distribution, etc. | Singapore |
| Name of publisher, distributor, etc. | Read Reads |
| Date of publication, distribution, etc. | 2011 |
| 300 ## - PHYSICAL DESCRIPTION | |
| Extent | 64 p. |
| Dimensions | 20 cm. |
| 505 ## - FORMATTED CONTENTS NOTE | |
| Formatted contents note | Q |
| 520 ## - SUMMARY, ETC. | |
| Summary, etc. | When Rachel Verinder inherits the Moonstone from her uncle on her eighteenth birthday, the wonderful jewel is intended to make her rich and happy. So why is her mother so worried about this valuable gift? Rachel seems very fond of her cousin, Franklin Blake. When trouble strikes, why does she refuse his help? What has he done to offend her? Can Sergeant Cuff, the famous detective, solve the dangerous mystery of the Moonstone before it is too late? |
| 521 8# - TARGET AUDIENCE NOTE | |
| Target audience note | 880 <br/> |
| Source | Lexile |
| 521 8# - TARGET AUDIENCE NOTE | |
| Target audience note | Q <br/> |
| Source | Raz-Plus |
| 942 ## - ADDED ENTRY ELEMENTS (KOHA) | |
| Source of classification or shelving scheme | Dewey Decimal Classification |
| Koha item type | Books |
| Suppress in OPAC | No |
| Withdrawn status | Lost status | Source of classification or shelving scheme | Damaged status | Not for loan | Collection | Home library | Current library | Shelving location | Date acquired | Total Checkouts | Full call number | Barcode | Date last seen | Price effective from | Koha item type |
|---|---|---|---|---|---|---|---|---|---|---|---|---|---|---|---|
| Dewey Decimal Classification | Juvenile Fiction | Footprints International School Library Network Toul Kork Campus | Footprints International School Library Network Toul Kork Campus | 03/14/2023 | COL 823.8 PR4494.M62 | 2023-0017 | 03/14/2023 | 03/14/2023 | Books |
